000
00289nam a22000977a 4500
005
20200901102728.0
008
200901b xxu||||| |||| 00| 0 eng d
245
_a
INTERNATIONAL JOURNAL OF CURRENT PHARMACEUTICAL & CLINICAL RESEARCH
_b
VOL-10, ISSUE- 1
650
_a
PHARMACY
_9
6324
942
_c
JRL
999
_c
7430
_d
7428